|
|
|
|
| LEADER |
00761nam a22002172a 4500 |
| 001 |
000742643 |
| 003 |
CZ BrMZK |
| 005 |
20041027124207.0 |
| 007 |
ta |
| 008 |
041012s1863 xr er|||||||||||cze d |
| 040 |
|
|
|a BOA001
|b cze
|c BOA001
|
| 100 |
1 |
|
|a Valenta, Antonín Vojtěch,
|d 1846-1892
|7 jo2004220554
|4 aut
|
| 245 |
1 |
0 |
|a Besední věnec :
|b sbírka deklamací ku besedám a jiným příležitostem /
|c sest. M.K.M. a F.A.M.
|
| 260 |
|
|
|a V Praze :
|b B. Stýblo,
|c 1863
|
| 300 |
|
|
|a 612, [4] s.
|
| 700 |
1 |
|
|a Urbánek, František Augustin,
|d 1842-1919
|7 jk01140851
|4 aut
|
| 910 |
|
|
|a BOA001
|b 1-0928.331
|k r
|
| 964 |
|
|
|a Bohemika - stol. 19.
|
| 990 |
|
|
|a BK
|
| 993 |
|
|
|a Y
|
| 996 |
6 |
|
|b 2619601997
|c 1-0928.331
|l MZK
|r Sklad / do 1 hodiny
|n 2
|w 000742643
|u 000010
|a 1
|e BOA001
|j MZK50
|s P
|